000 00489nam a2200181Ia 4500
005 20250508161633.0
008 008 250505s9999 xx 000 0 eng d
037 _aTextual
040 _aFEDL
_beng
_cFEDL
041 _aeng
_2eng
084 _a822, GOE
_qFEDL
100 _aGoethe Johann Wolfgang Von
_9771136
245 0 _aFaust. Part 1
260 _aNew York, USA
_bBantam Books
_c1962
300 _axviii,326p.
942 _cTEXL
_h822, GOE
999 _c1371260
_d1371260